Mesa cultural

שמור ב:
מידע ביבליוגרפי
מחבר תאגידי: Instituto de Cooperación Iberoaméricana
פורמט: Texto
יצא לאור: Madrid: Huertas
תגים: הוספת תג
אין תגיות, היה/י הראשונ/ה לתייג את הרשומה!

MARC

LEADER 00000 a a2200000 04500
001 25460
003
040
090 |a 152523  
110 |a Instituto de Cooperación Iberoaméricana  
245 |a Mesa cultural  
260 |a Madrid:   |b Huertas  
300 |a 516 p.   |b il.  
999 |c 10051  |d 10051